Statistics for Countries of Europe With the Letter V

Click here to take the quiz!

General Stats

  • This quiz has been taken 65 times
  • The average score is 6 of 7

Answer Stats

Countries% Correct
Vatican City
97%
Slovakia
93%
Slovenia
93%
Latvia
90%
Kosovo
86%
Moldova
86%
Bosnia and
Herzegovina
84%

Score Distribution

Percentile by Number Answered

Percent of People with Each Score

Your Score History

You have not taken this quiz